00947cam a22002177i 4500003000400000005001700004008004100021020001800062040001400080100002500094245020100119260003900320300004700359504001800406650005300424650005400477650003700531942001300568999001500581952013300596OSt20180307173658.01703 s2016 sp a b 000 0 spa d a9788494634307 bcatcCDMR1 aValiña, Carmen V.,13aEl mundo árabo-islámico como ellas nos lo contaron b: las periodistas de TVE en Oriente Medio y Norte de África : cuatro décadas de información con nombre de mujerc/ Carmen V. Valiña aMadrid :bClave Intelectual,c2016 a263 pàgines :bil·lustracions ;c22 cm. aBibliografia.04aCorresponsals estrangerszPaïsos àrabs9280204aCorresponsals estrangerszÀfrica del nord92802 4aDones periodisteszEspanya92913 cMON2udc c7008d7008 00104070aCDMRbCDMRd2017-03-17eIntercanvig17.00l9m6oFk /5pCDMR17030009r2020-07-14s2020-06-26v17.00w2017-03-17yMON